00000000nam 2200000zi 4500
0019.931896
003CaOODSP
00520241119112447
006m     o  d f      
007cr |n|||||||||
008231229e200303##qucab   ob   f|0| 0 fre d
040 |aCaOODSP|bfre|erda|cCaOODSP
041 |afre|bfre|beng
043 |an-cn---
0861 |aCW66-1452/2003F-PDF
1001 |aGiguére, Sylvain, |eauteur.
24514|aLes espèces en péril influencées par la gestion des niveaux d'eau du Saint-Laurent fluvial (Cornwall - Trois Rivières) / |cpar Sylvain Giguère, Pierre Laporte.
264 1|a[Sainte-Foy, Québec] : |bEnvironnement Canada, Région du Québec, Service canadien de la faune, Direction de la conservation de l’environnement, |cmars 2003.
300 |a1 ressource en ligne (xv, 184 pages) : |bcartes, illustrations
336 |atexte|btxt|2rdacontent/fre
337 |ainformatique|bc|2rdamedia/fre
338 |aressource en ligne|bcr|2rdacarrier/fre
500 |aÉdition numérisée de l’imprimé [par Environnement et changement climatique Canada].
500 |a« Rapport présenté à la Commission mixte internationale, Étude sur le lac Ontario et le fleuve Saint-Laurent. »
504 |aComprend des références bibliographiques.
546 |aComprend un résumé en anglais.
650 6|aEspèces en voie de disparition|zSaint-Laurent (Fleuve)
650 6|aNiveau des eaux|zSaint-Laurent (Fleuve)
650 0|aEndangered species|zSaint Lawrence River.
650 0|aWater levels|zSaint Lawrence River.
7101 |aCanada. |bEnvironnement Canada, |eorganisme de publication.
7102 |aService canadien de la faune, |eorganisme de publication.
85640|qPDF|s4.36 Mo|uhttps://publications.gc.ca/collections/collection_2024/eccc/cw66/CW66-1452-2003-fra.pdf